| 000 | 00421pab a2200157 454500 | ||
|---|---|---|---|
| 008 | 180718b2002 xxu||||| |||| 00| 0 eng d | ||
| 100 | _aRatnam, N. Vijaya | ||
| 245 | _aA review of the corporatisation of agriculture in Andhra Pradesh | ||
| 260 | _c2002 | ||
| 300 | _ap.53-56. | ||
| 362 | _aApr | ||
| 650 | _aAgriculture - India - Andhra Pradesh | ||
| 650 | _aAgriculture | ||
| 773 | _aThird Concept | ||
| 909 | _a52164 | ||
| 999 |
_c52164 _d52164 |
||